| Tag |
First Indicator |
Second Indicator |
Subfields |
| LEADER |
00000nam a2200000 4500 |
| 001 |
in00004219082 |
| 005 |
20200807082347.0 |
| 006 |
m g d |
| 007 |
cr bn |||a|bb| |
| 008 |
920901s1578 enk o 00| | eng d |
| 035 |
|
|
|a (UnM)99855472
|
| 037 |
|
|
|a CL0036000013
|b ProQuest. 789 E. Eisenhower Parkway, Ann Arbor, MI 48108-3218
|
| 040 |
|
|
|a Cu-RivES
|c Cu-RivES
|d CStRLIN
|e dcrb
|d WaOLN
|
| 100 |
1 |
|
|a Bèze, Théodore de,
|d 1519-1605.
|
| 240 |
1 |
0 |
|a Petit catéchisme.
|l English.
|
| 245 |
0 |
2 |
|a A little catechisme, that is to say, a short instruction touching christian religion, set forth by Theodorus Beza Minister of the Church of God in Geneua
|
| 246 |
2 |
|
|a Short instruction touching christian religion.
|
| 260 |
|
|
|a [Imprinted at London :
|b By Hugh Singleton, dwelling in Creede Lane, at the signe of the Gilden Tunn. nere vnto Ludgate. Cum priuilegio,
|c Anno. 1578]
|
| 300 |
|
|
|a 1 online resource ([16] pages)
|
| 336 |
|
|
|a text
|b txt
|2 rdacontent
|
| 337 |
|
|
|a computer
|b c
|2 rdamedia
|
| 338 |
|
|
|a online resource
|b cr
|2 rdacarrier
|
| 500 |
|
|
|a A translation of: Bèze, Théodore de. Petit catéchisme, c'est-à-dire sommaire instruction de la religion chrestienne.
|
| 500 |
|
|
|a Caption title. Imprint from colophon.
|
| 500 |
|
|
|a Signatures: A.
|
| 500 |
|
|
|a Reproduction of the original in the British Library.
|
| 510 |
4 |
|
|a STC (2nd edition)
|c 2022.
|
| 533 |
|
|
|a Electronic reproduction.
|b Ann Arbor, Mich. :
|c UMI,
|d 1999-
|f (Early English books online)
|n Digital version of: (Early English books, 1475-1640 ; 411:05)
|7 s1999 miun s
|
| 650 |
|
0 |
|a Catechisms, English
|v Early works to 1800.
|
| 650 |
|
0 |
|a Reformed Church
|v Catechisms
|x English
|v Early works to 1800.
|
| 830 |
|
0 |
|a Early English books online.
|
| 856 |
4 |
0 |
|u http://proxy.library.tamu.edu/login?url=https://search.proquest.com/docview/2240900613
|z Connect to the full text of this electronic book
|t 0
|
| 999 |
f |
f |
|s 6b51c0d2-c2fc-35a1-930b-037825961e1e
|i c1703c2e-48df-3c8b-9051-37cce93e5eb9
|t 0
|
| 952 |
f |
f |
|a Texas A&M University
|b College Station
|c Electronic Resources
|d Available Online
|t 0
|h No information provided
|
| 998 |
f |
f |
|t 0
|l Available Online
|